Efektívne spracovanie grafových reprezentácií zdrojového kódu v prostredí cloudu

Salvato in:
Dettagli Bibliografici
Autore principale: Šebesta, Marek (Autore)
Altri autori: Kapec, Peter (Relatore della tesi)
Natura: Manoscritto Libro
Lingua:slovacco
Pubblicazione: 2025
Soggetti:
Accesso online:http://is.stuba.sk/zp/portal_zp.pl?podrobnosti=175370
Tags: Aggiungi Tag
Nessun Tag, puoi essere il primo ad aggiungerne!!

MARC

LEADER 00000ntm a22000003a 4500
001 stuzp102936
003 SK-STU
005 20250614211844.2
007 ta
008 150427s2015----xo-----f-mn---000-0-slo-d
040 |a STU  |b slo 
041 0 |a slo 
100 1 |a Šebesta, Marek  |u 070400  |4 aut  |U FIIT Fakulta informatiky a informačných technológií  |T FIIT Ústav počítačového inžinierstva a aplikovanej informatiky  |X 120888  |U I400  |Y 672  |7 120888 
242 0 1 |a Efficient processing of graphical representations of source code in the cloud environment  |y eng 
245 1 0 |a Efektívne spracovanie grafových reprezentácií zdrojového kódu v prostredí cloudu 
260 |c 2025 
650 4 |a abstract syntax tree  |2 eng 
650 4 |a graph database  |2 eng 
650 4 |a source code analysis  |2 eng 
650 4 |a knowledge graph  |2 eng 
650 4 |a abstraktný syntaktický strom  |2 slo 
650 4 |a grafová databáza  |2 slo 
650 4 |a znalostný graf  |2 slo 
650 4 |a analýza zdrojového kódu  |2 slo 
700 1 |a Kapec, Peter  |u 070400  |k Z1  |4 ths  |U FIIT Fakulta informatiky a informačných technológií  |T FIIT Ústav počítačového inžinierstva a aplikovanej informatiky  |X 10235  |U I400  |Y 672  |7 A000010235 
856 4 |u http://is.stuba.sk/zp/portal_zp.pl?podrobnosti=175370